Le Bruit de Galop (Record no. 72465)

MARC details
000 -LEADER
campo de control de longitud fija 00467nam a2200157 i 4500
001 - NÚMERO DE CONTROL
campo de control 72465
003 - IDENTIFICADOR DE NÚMERO DE CONTROL
campo de control ES-MaACL
005 - FECHA Y HORA DE LA ÚLTIMA TRANSACCIÓN
campo de control 20230906171438.0
007 - CAMPO FIJO DE DESCRIPCIÓN FÍSICA--INFORMACIÓN GENERAL
campo de control de longitud fija t|
008 - DATOS DE LONGITUD FIJA--INFORMACIÓN GENERAL
campo de control de longitud fija 040901s1923 fr ||||1| fre d
100 1# - ENTRADA PRINCIPAL--NOMBRE DE PERSONA
Nombre de persona Giroux, René.
9 (RLIN) 57312
245 13 - MENCIÓN DEL TÍTULO
Título Le Bruit de Galop
Resto del título : valeur séméiologique diagnostic /
Mención de responsabilidad, etc. traitement par René Giroux.
260 ## - PUBLICACIÓN, DISTRIBUCIÓN, ETC.
Lugar de publicación, distribución, etc. París :
Nombre del editor, distribuidor, etc. [s.n.,
Fecha de publicación, distribución, etc. 1923] (
Fabricante A. Maloine et Fils)
300 ## - DESCRIPCIÓN FÍSICA
Extensión 273 p. ;
Dimensiones 25 cm.
852 ## - LOCALIZACIÓN
Ubicación ES-MaACL
Número de control de estantería B-11339
Holdings
Estatus retirado Estado de pérdida Estado de daño No para préstamo Biblioteca de origen Biblioteca actual Ubicación en estantería Fecha de adquisición Fuente de adquisición Total de préstamos Signatura topográfica completa Código de barras Visto por última vez Precio de reemplazo Tipo de ítem Koha
        Biblioteca del Ateneo de Madrid Biblioteca del Ateneo de Madrid Sala Pardo Bazán 17/01/2008     B-11339 1075864 23/02/2023 23/02/2023 Libro impreso